Statistics for Fast typing to 50

Click here to take the quiz!

General Stats

  • This quiz has been taken 135 times
  • The average score is 36 of 50

Answer Stats

Answer% Correct
1
100%
2
100%
3
100%
4
100%
11
97%
12
97%
5
97%
6
97%
7
97%
8
97%
9
97%
10
94%
13
94%
18
91%
14
88%
15
88%
16
88%
17
88%
19
88%
20
88%
21
88%
24
88%
25
88%
22
85%
23
85%
26
85%
27
76%
28
76%
29
76%
31
76%
30
74%
32
71%
33
62%
35
59%
34
56%
36
56%
37
53%
38
53%
39
53%
42
47%
40
44%
41
44%
43
44%
44
32%
45
26%
46
26%
47
26%
48
24%
49
24%
50
21%

Score Distribution

Percentile by Number Answered

Percent of People with Each Score

Your Score History

You have not taken this quiz